000 00420nam a2200181Ia 4500
001 18018
005 20260306171600.0
008 260306s9999||||xx |||||||||||||| ||und||
041 _aESP
082 _a658.314
_bB61
100 _aBlanco Prieto, Antonio
_eAUT
245 0 _aAprender a motivar
260 _c2008
300 _a131 páginas :
_c20 cm.
650 _aGEN
654 _aCAN
942 _cLIB
_dJUS
_fJUS
_2ddc
_n
999 _c18018
_d18018